Tractatus de deo trino secundum personas
Bewaard in:
| Hoofdauteur: | |
|---|---|
| Formaat: | Boek |
| Taal: | Latijn |
| Gepubliceerd in: |
Roma
Ex Typographia Polyglotta
1895
|
| Editie: | 4a. ed |
| Onderwerpen: | |
| Tags: |
Voeg label toe
Geen labels, Wees de eerste die dit record labelt!
|
MARC
| LEADER | 00000cam a2200000 a 4500 | ||
|---|---|---|---|
| 001 | UCD2818 | ||
| 003 | CL-VaPUC | ||
| 008 | 160512e18950000it |||||||||||||||||lat|d | ||
| 082 | 0 | 4 | |a 231.042 |b FRA |2 21 |
| 100 | 0 | |a Franzelin, Ioannes Bapt |e author |9 586178 | |
| 245 | 1 | 0 | |a Tractatus de deo trino secundum personas |
| 250 | |a 4a. ed | ||
| 300 | |a 615 p | ||
| 942 | |c BK | ||
| 945 | |d 20160512 21:36:00 |a dcastane | ||
| 260 | |a Roma |b Ex Typographia Polyglotta |c 1895 | ||
| 650 | 7 | |a DIOS UNITRINO |2 CL-VaPUC |9 580885 | |
| 650 | 0 | |a Existencia de Dios |9 266954 | |
| 583 | |a last modification |c 20160512 21:36:00 |k Rodrigo Vera | ||
| 999 | |c 363929 |d 363927 | ||
| 952 | |0 0 |1 0 |3 erd |4 0 |6 231_042000000000000_FRA_1895 |7 0 |8 X |9 476773 |a BIBTEO |b BIBTEO |c TEO_FFR |i 5231302 |o 231.042 FRA 1895 |p 5231302 |r 2024-01-18 |w 2019-11-24 |y BK_X |z Catalogado en:20160512 |k OFM | ||